Introduction to probability and statistics

Furkejuvvon:
Bibliográfalaš dieđut
Váldodahkkit: Lindgren, Bernard W. (autor), McElrath, G. W (Dahkki)
Materiálatiipa: Girji
Giella:eaŋgalasgiella
Almmustuhtton: Nueva York Macmillan 1959
Fáttát:
Fáddágilkorat: Lasit fáddágilkoriid
Eai fáddágilkorat, Lasit vuosttaš fáddágilkora!

MARC

LEADER 00000nam a2200000 a 4500
001 UCP1036
003 CL-VaPUC
008 990326e19590000US |||||||||||||||||eng|d
082 0 4 |a 519.2  |b LIN  |2 21 
100 |a Lindgren, Bernard W.  |e autor  |9 497966 
700 0 |a McElrath, G. W  |e author  |9 426775 
245 1 0 |a Introduction to probability and statistics 
300 |a 277 p 
942 |c BK 
945 |d 19990326 00:00:00  |a crobeson 
260 |a Nueva York  |b Macmillan  |c 1959 
650 0 |a Teoría de probabilidades   |9 336944 
650 0 |a Estadística matemática  |9 260028 
583 |a last modification  |c 19990326 00:00:00  |k Rodrigo Vera 
999 |c 279755  |d 279753 
952 |0 0  |1 0  |4 0  |6 519_200000000000000_LIN_1959  |7 0  |8 A  |9 319532  |a BIBGIM  |b BIBGIM  |d 2019-11-20  |i 1333569  |o 519.2 LIN 1959  |p 1333569  |r 2025-01-15  |w 2019-11-20  |y BK  |k EST 
952 |0 0  |1 0  |4 0  |6 519_200000000000000_LIN_1959  |7 0  |8 A  |9 319533  |a BIBGIM  |b BIBGIM  |d 2019-11-20  |i 1333577  |o 519.2 LIN 1959  |p 1333577  |r 2025-01-15  |w 2019-11-20  |y BK  |k EST